[Event "Østlandsserien 4B"]
[Site "Ås"]
[Date "1992.03.22"]
[Round "7.1"]
[White "Larsen, Vidar"]
[Black "Furnes, Torstein"]
[Result "1/2-1/2"]
[WhiteElo "1624"]
[BlackElo "1357"]
[PlyCount "46"]
[EventDate "1992.11.10"]
[WhiteTeam "IØSS"]
[BlackTeam "Ås 2"]

1. d4 d5 2. c4 e6 3. Nf3 Nf6 4. e3 Be7 5. Nc3 O-O 6. Bd3 b6 7. O-O Bb7 8. cxd5
Nxd5 9. Nxd5 Qxd5 10. Qc2 Qh5 11. Be4 Bxe4 12. Qxe4 Qd5 13. Qxd5 exd5 14. Bd2
Nd7 15. Rac1 c5 16. dxc5 bxc5 17. Bc3 Nb6 18. Rfd1 f5 19. g3 Rac8 20. b3 Bf6
21. Bxf6 Rxf6 22. Ne5 Rd6 23. Kf1 Nd7 1/2-1/2

[Event "Østlandsserien 4B"]
[Site "Ås"]
[Date "1992.03.22"]
[Round "7"]
[Board "3"]
[White "Ukkelberg, Sigurd"]
[Black "Hanssen, Fredrik"]
[Result "0-1"]
[WhiteElo "1441"]
[BlackElo "1175"]
[PlyCount "76"]
[EventDate "1992.11.10"]
[WhiteTeam "IØSS"]
[BlackTeam "Ås 2"]

1. e4 c6 2. Nf3 d5 3. exd5 cxd5 4. d4 Nf6 5. c4 e6 6. Nc3 b6 7. cxd5 Nxd5 8.
Bb5+ Bd7 9. Bxd7+ Qxd7 10. Nxd5 Qxd5 11. O-O Bd6 12. Qa4+ Qc6 13. Qxc6+ Nxc6
14. a3 O-O 15. b4 Ne7 16. Bb2 Rac8 17. Rac1 Bf4 18. Rxc8 Rxc8 19. g3 Rc2 20.
Rb1 Bd2 21. Nxd2 Rxd2 22. Bc3 Rc2 23. Bb2 g6 24. a4 Nd5 25. a5 b5 26. Kg2 a6
27. Ba3 Ne3+ 28. Kf3 Nc4 $1 29. Bc1 Rd2 $1 30. Kg2 Rxd4 31. Be3 Nxe3+ 32. fxe3
Rc4 33. h4 Kg7 34. Kf3 Kf6 35. g4 h5 36. gxh5 gxh5 37. Kg3 Ke5 38. Rf1 f5 0-1

[Event "Østlandsserien 3B"]
[Site "Speiderhuset, Tønsberg"]
[Date "1992.11.07"]
[Round "1.3"]
[White "Lea, Per"]
[Black "Standal, Bård"]
[Result "1-0"]
[WhiteElo "1566"]
[BlackElo "1590"]
[PlyCount "51"]
[EventDate "1992.11.07"]

1. e4 c5 2. Nf3 d6 3. d4 cxd4 4. Nxd4 Nf6 5. Nc3 a6 6. Bg5 e6 7. f4 Be7 8. Qf3
Nbd7 9. Bc4 Nb6 10. Bb3 Qc7 11. O-O-O Bd7 12. Rhe1 h6 13. Bh4 Rc8 14. e5 dxe5
15. Rxe5 Bd6 16. Bxf6 gxf6 17. Re4 Kf8 18. g3 Bc6 19. Nxc6 Qxc6 20. f5 Be5 21.
Qh5 Bxc3 22. fxe6 fxe6 23. Rxe6 Bxb2+ 24. Kxb2 Qc3+ 25. Kb1 Rh7 26. Rxb6 1-0

[Event "Østlandsserien 4C"]
[Site "Sangerhuset, Sarpsborg"]
[Date "1992.11.07"]
[Round "1.2"]
[White "Hanssen, Jon Fredrik"]
[Black "Moen, Roger"]
[Result "1/2-1/2"]
[WhiteElo "1016"]
[BlackElo "1393"]
[PlyCount "45"]
[EventDate "1992.11.07"]
[WhiteTeam "Ås 2"]
[BlackTeam "OSS 5"]

1. d4 Nf6 2. Nf3 g6 3. Bf4 Bg7 4. Nc3 O-O 5. e4 d6 6. h3 c5 7. dxc5 dxc5 8.
Qxd8 Rxd8 9. Rd1 Rxd1+ 10. Kxd1 b6 11. Bc4 Bb7 12. Re1 Nc6 13. Ne5 e6 14. a3
Rd8+ 15. Kc1 Nh5 16. Bh2 Rd4 17. Rd1 Bh6+ 18. Kb1 Rxd1+ 19. Nxd1 Bf4 20. Nf3
Nb8 21. Nc3 Nc6 22. g3 Bb8 23. Nd2 1/2-1/2

[Event "Østlandsserien 4C"]
[Site "Moss"]
[Date "1992.11.08"]
[Round "2.1"]
[White "Furnes, Torstein"]
[Black "Berntsen, Per Ivar Barth"]
[Result "1/2-1/2"]
[WhiteElo "1411"]
[BlackElo "1263"]
[PlyCount "63"]
[EventDate "1992.11.07"]
[WhiteTeam "Ås 2"]
[BlackTeam "Moss 4"]

1. d4 Nf6 2. c4 g6 3. Nc3 Bg7 4. Nf3 O-O 5. e4 d6 6. Be2 e5 7. O-O Bg4 8. d5
Nbd7 9. Ne1 Bxe2 10. Qxe2 h5 11. Nd3 Ng4 12. f3 Ngf6 13. Bg5 c6 14. Rac1 Qb6+
15. Be3 Qa6 16. Nb4 Qa5 17. a3 c5 18. Nc2 a6 19. b4 cxb4 20. axb4 Qc7 21. Na4
b5 22. Nb2 bxc4 23. Nxc4 Rfc8 24. Na5 Qc3 25. Nc6 Kf8 26. N2d4 Qa3 27. Ra1 Qc3
28. Rfc1 Rxc6 29. Nxc6 Qb3 30. Rcb1 Qc3 31. Ra2 Nb6 32. Bxb6 1/2-1/2

[Event "Østlandsserien 4C"]
[Site "Sangerhuset, Sarpsborg"]
[Date "1992.11.08"]
[Round "3.1"]
[White "Martinsen, Jørn"]
[Black "Furnes, Torstein"]
[Result "0-1"]
[WhiteElo "1153"]
[BlackElo "1411"]
[PlyCount "56"]
[EventDate "1992.11.07"]
[WhiteTeam "Moss 4"]
[BlackTeam "Ås 2"]

1. d4 Nf6 2. Nc3 d5 3. Bf4 Bd7 4. Nf3 e6 5. a3 c5 6. e3 Qb6 7. Rb1 Qa5 8. dxc5
Qxc5 9. Bd3 Bd6 10. Ne5 a6 11. O-O Qc7 12. Nxd7 Nbxd7 13. Ne2 h5 14. Re1 Bxf4
15. Nxf4 g5 16. Ne2 O-O-O 17. b4 Ng4 18. g3 h4 19. Rb3 Kb8 20. Rc3 Qe5 21. Nd4
hxg3 22. Qxg4 gxf2+ 23. Kxf2 Rxh2+ 24. Kf1 Rdh8 25. Nf3 Rh1+ 26. Kg2 R8h2+ 27.
Nxh2 Qxh2+ 28. Kf3 Ne5# 0-1

[Event "Østlandsserien 3B"]
[Site "Ås"]
[Date "1992.11.08"]
[Round "2.2"]
[White "Furnes, Harald"]
[Black "Bjørnland, Svein"]
[Result "0-1"]
[WhiteElo "1770"]
[BlackElo "1636"]
[PlyCount "76"]
[EventDate "1992.11.07"]
[WhiteTeam "Ås 1"]
[BlackTeam "Fredriksstad 1"]

1. d4 f5 2. c4 Nf6 3. Nc3 e6 4. g3 Be7 5. Bg2 O-O 6. a3 a5 7. b3 d6 8. Bb2 Qe8
9. e3 c6 10. Nge2 Na6 11. Rc1 e5 12. O-O Bd8 13. Qc2 Bc7 14. Rfe1 Qh5 15. f3
Bd7 16. Nd1 Rae8 17. Nf2 g5 18. Bc3 f4 19. dxe5 dxe5 20. exf4 exf4 21. gxf4
gxf4 22. Rcd1 Bf5 23. Qc1 Nc5 24. Nxf4 Qh4 25. N4h3 Ne6 26. c5 Nf4 27. Rd4
Rxe1+ 28. Qxe1 Re8 29. Qd2 N6d5 30. Rxd5 Nxd5 31. Bxa5 Bxa5 32. Qxa5 Qd4 33.
Kh1 Nf4 34. Qc7 Re1+ 35. Ng1 Qxf2 36. Qd8+ Kf7 37. Qc7+ Kg6 38. Qd6+ Be6 0-1

[Event "Østlandsserien 3B"]
[Site "Sangerhuset, Sarpsborg"]
[Date "1992.12.06"]
[Round "3.2"]
[White "Fjellengen, Bård"]
[Black "Lea, Per"]
[Result "1-0"]
[WhiteElo "1615"]
[BlackElo "1566"]
[PlyCount "107"]
[EventDate "1992.11.07"]

1. c4 e6 2. g3 Nf6 3. Bg2 d5 4. cxd5 exd5 5. d4 Be7 6. Nc3 O-O 7. Nf3 c6 8. O-O
Nbd7 9. Qc2 Nb6 10. Ne5 Ng4 11. Nxg4 Bxg4 12. Re1 f5 13. Na4 Nxa4 14. Qxa4 Bd6
15. f3 Bh5 16. e4 fxe4 17. fxe4 dxe4 18. Bxe4 Qc7 19. Qb3+ Kh8 20. Bd2 Rae8 21.
Bg2 Bf7 22. Qc3 Bd5 23. Bxd5 cxd5 24. Qxc7 Bxc7 25. Bb4 Rg8 26. Rac1 Bb6 27.
Bc5 Bxc5 28. dxc5 h6 29. Rxe8 Rxe8 30. b4 a6 31. a4 Re4 32. b5 axb5 33. axb5
Rb4 34. c6 bxc6 35. bxc6 Rb8 36. Kf2 Kg8 37. Ke3 Kf7 38. Kd4 Ke6 39. Kc5 d4 40.
Re1+ Kf7 41. Kxd4 Rb2 42. Rc1 Rb8 43. Kd5 Ke7 44. Re1+ Kd8 45. Kd6 Rb6 46. Rf1
Ke8 47. Re1+ Kd8 48. Ra1 Ke8 49. Ra8+ Kf7 50. Kd7 Rb2 51. c7 Rd2+ 52. Kc8 Rb2
53. Ra7 Ke7 54. Rb7 1-0

[Event "Østlandsserien 3B"]
[Site "Sangerhuset, Sarpsborg"]
[Date "1993.01.17"]
[Round "4.1"]
[White "Sæther, Lars"]
[Black "Weberg, Øivind"]
[Result "0-1"]
[WhiteElo "1609"]
[BlackElo "1636"]
[PlyCount "132"]
[EventDate "1992.11.07"]
[WhiteTeam "Fredriksstad 3"]
[BlackTeam "Ås 1"]

1. d4 Nf6 2. Nf3 e6 3. c4 c5 4. e3 Nc6 5. a3 cxd4 6. exd4 d5 7. c5 Be7 8. Bb5
Bd7 9. O-O O-O 10. b4 a5 11. Bd2 axb4 12. Bxc6 Bxc6 13. Bxb4 Nd7 14. Nbd2 b6
15. Qc2 bxc5 16. dxc5 Qc7 17. Rae1 Bb5 18. Nd4 Bxf1 19. Kxf1 Qxh2 20. N2f3 Qh5
21. Ne2 Rfc8 22. Ng3 Qg6 23. Qxg6 hxg6 24. c6 Bxb4 25. cxd7 Bxe1 26. dxc8=Q+
Rxc8 27. Nxe1 Rc3 28. Ne2 Rxa3 29. f4 Kh7 30. Nf3 f6 31. Ned4 Re3 32. Nc6 Kg8
33. Kf2 Re4 34. g3 Kf7 35. Nd2 Ra4 36. Ke3 Ra3+ 37. Kf2 g5 38. fxg5 fxg5 39.
Nf3 Kf6 40. g4 Ra4 41. Nce5 Re4 42. Nd7+ Ke7 43. Nde5 Kd6 44. Nf7+ Kc5 45. Kg3
Re2 46. N3xg5 d4 47. Kf3 d3 48. Nd8 e5 49. Nde6+ Kc4 50. Nxg7 e4+ 51. Nxe4 Rxe4
52. Kxe4 d2 53. g5 d1=Q 54. Kf5 Qf3+ 55. Ke6 Qf8 56. Nf5 Qg8+ 57. Kf6 Qh8+ 58.
Kf7 Qh5+ 59. Kf6 Qh8+ 60. Kf7 Qe5 61. Nd6+ Qxd6 62. g6 Qd7+ 63. Kf6 Qe8 64. Kg7
Kd5 65. Kh7 Ke6 66. g7 Kf7 0-1

[Event "Østlandsserien 3B"]
[Site "Kulturhuset D6, Ås"]
[Date "1993.01.17"]
[Round "4.4"]
[White "Lea, Per"]
[Black "Thøgersen, Arild"]
[Result "1-0"]
[WhiteElo "1571"]
[BlackElo "1514"]
[PlyCount "95"]
[EventDate "1992.11.07"]

1. e4 e6 2. d4 d5 3. Nc3 Bb4 4. e5 c5 5. a3 Bxc3+ 6. bxc3 Qc7 7. Qg4 f5 8. Qg3
cxd4 9. cxd4 Ne7 10. c3 Bd7 11. Bd2 Nbc6 12. Qxg7 O-O-O 13. Ne2 Rdg8 14. Qh6
Na5 15. Nc1 Rg6 16. Qh3 Nc4 17. Nd3 Qa5 18. Nb4 Nxd2 19. Kxd2 Kb8 20. Qd3 Rc8
21. g3 a6 22. Qb1 Ka8 23. Bd3 Qc7 24. Rc1 Rh6 25. h4 f4 26. Qb2 Rf8 27. Ke2 Be8
28. c4 fxg3 29. fxg3 Qb8 30. cxd5 exd5 31. Rc5 Rb6 32. Qc3 Bh5+ 33. Ke1 Bf3 34.
Bxh7 Bg2 35. Bd3 Rf3 36. Rc7 Qf8 37. Rc1 Re3+ 38. Kd1 Qf3+ 39. Kc2 a5 40. Rxe7
axb4 41. Re8+ Ka7 42. axb4 Rc6 43. Ra1+ Kb6 44. Re6 Rxd3 45. Rxc6+ bxc6 46.
Qc5+ Kb7 47. Ra7+ Kc8 48. Qxc6+ 1-0

[Event "Østlandsserien 3B"]
[Site "Sangerhuset, Sarpsborg"]
[Date "1993.02.21"]
[Round "6.1"]
[White "Nordheim, Odd"]
[Black "Weberg, Øivind"]
[Result "0-1"]
[WhiteElo "1770"]
[BlackElo "1636"]
[PlyCount "133"]
[EventDate "1992.11.07"]
[WhiteTeam "Ås 1"]
[BlackTeam "Moss 2"]

1. c4 Nf6 2. Nc3 e6 3. d4 d5 4. Nf3 c5 5. e3 cxd4 6. exd4 Be7 7. h3 O-O 8. Be3
b6 9. Bd3 dxc4 10. Bxc4 Bb7 11. Rc1 Na6 12. a3 Nc7 13. O-O Ncd5 14. Re1 Nxe3
15. Rxe3 Rc8 16. Ba2 Nd5 17. Nxd5 Bxd5 18. Bxd5 Qxd5 19. Rec3 Rcd8 20. Qa4 Bf6
21. Qxa7 Bxd4 22. Nxd4 Qxd4 23. Qb7 Rd7 24. Qa6 Rfd8 25. Rb3 Rd6 26. Rb4 Qe5
27. Rf1 Qc5 28. Qc4 Qe5 29. Rb5 Qf6 30. Qb3 e5 31. Qe3 Re6 32. Rc1 g6 33. Rc7
Rd1+ 34. Kh2 Qf4+ 35. Qxf4 exf4 36. Rc4 f3 37. gxf3 Re2 38. Rxb6 Rxf2+ 39. Kg3
Re2 40. Rcb4 f5 41. Kf4 Rh2 42. Kg5 Rd7 43. Rb8+ Kg7 44. R8b7 h6+ 45. Kf4 Rhd2
46. Rxd7+ Rxd7 47. h4 Rd6 48. a4 Kf6 49. a5 g5+ 50. hxg5+ hxg5+ 51. Kg3 Rd5 52.
Rb7 Ke5 53. b4 Rd3 54. Rb5+ Ke6 55. Kf2 Ra3 56. Rb6+ Ke5 57. a6 Kf4 58. Rc6
Ra2+ 59. Ke1 Kxf3 60. Rc3+ Ke4 61. b5 g4 62. Rb3 f4 63. b6 g3 64. Kf1 f3 65.
Rb1 Rh2 66. Rb4+ Kd5 67. Kg1 0-1

[Event "Østlandsserien 3B"]
[Site "Fredrikstad"]
[Date "1993.03.21"]
[Round "7.1"]
[White "Weberg, Øivind"]
[Black "Næss, Erik"]
[Result "0-1"]
[WhiteElo "1636"]
[BlackElo "1762"]
[PlyCount "63"]
[EventDate "1992.11.07"]
[WhiteTeam "Ås 1"]
[BlackTeam "Fredriksstad 2"]

1. e4 c5 2. Nf3 Nc6 3. d4 cxd4 4. Nxd4 Nf6 5. Nc3 e5 6. Ndb5 d6 7. Bg5 a6 8.
Bxf6 gxf6 9. Na3 b5 10. Nd5 f5 11. Bd3 Be6 12. f3 Rg8 13. g3 h5 14. Qd2 Nd4 15.
Qf2 Bh6 16. c3 Nc6 17. Nc2 Rb8 18. Nce3 f4 19. Nf5 Bxf5 20. exf5 Bg5 21. Rg1
Rh8 22. Qe2 Ne7 23. Be4 Nxd5 24. Bxd5 Qb6 25. Rg2 Ke7 26. Rd1 h4 27. gxf4 Bxf4
28. Rg7 Rbf8 29. Rd4 Kf6 30. Rxf4 exf4 31. Rxf7+ Rxf7 32. Qe6+ 0-1

[Event "Østlandsserien 3B"]
[Site "Sangerhuset, Sarpsborg"]
[Date "1993.03.21"]
[Round "7.4"]
[White "Sæther, Steinar"]
[Black "Furnes, Torstein"]
[Result "0-1"]
[WhiteElo "1631"]
[BlackElo "1408"]
[PlyCount "42"]
[EventDate "1992.11.07"]
[WhiteTeam "Fredriksstad 2"]
[BlackTeam "Ås 1"]

1. e4 c5 2. Nc3 Nc6 3. f4 e6 4. Nf3 Nge7 5. d4 cxd4 6. Nb5 d5 7. e5 Nf5 8.
Nbxd4 Ncxd4 9. Nxd4 Qh4+ 10. Ke2 Ng3+ 11. hxg3 Qxh1 12. Kf3 Bd7 13. Nb5 Kd8 14.
Qd3 Qh5+ 15. g4 Qg6 16. Qb3 Qe4+ 17. Kg3 Qe1+ 18. Kh2 Qxf1 19. Nxa7 Qa6 20. Be3
Rxa7 21. Bb6+ Ke8 0-1

[Event "Østlandsserien 1993/1994, 3. div. D"]
[Site "Ås, Akershus NOR"]
[Date "1993.12.05"]
[Round "2"]
[White "Lea, Per"]
[Black "Fjellengen, Bård"]
[Result "1/2-1/2"]
[WhiteElo "1567"]
[BlackElo "1612"]
[PlyCount "81"]
[EventDate "1993.11.07"]
[WhiteTeam "Ås 1"]
[BlackTeam "Sarpsborg 3"]

1. e4 c6 2. d4 d5 3. Nc3 e6 4. Nf3 Bb4 5. e5 Ne7 6. Bd3 c5 7. dxc5 Bxc5 8. O-O
Nbc6 9. Bf4 a6 10. a3 Ng6 11. Bg3 Be7 12. Ne2 Qc7 13. Bxg6 hxg6 14. Ned4 Na5
15. b3 Bd7 16. Qe2 Rc8 17. Rfc1 b5 18. b4 Nc4 19. c3 O-O 20. Nd2 Qb6 21. Nxc4
Rxc4 22. Rc2 Rfc8 23. Rac1 a5 24. Bf4 axb4 25. axb4 Ra8 26. Be3 Qc7 27. f4 Ra3
28. Qd2 Qb7 29. Ra2 Qa6 30. Rxa3 Qxa3 31. Rc2 Rc8 32. Qc1 Ra8 33. Qxa3 Rxa3 34.
Bc1 Ra7 35. Be3 Ra1+ 36. Kf2 Kf8 37. Nb3 Ra8 38. Nc5 Bc6 39. g3 Ra1 40. Ke2 Rh1
41. Kd3 1/2-1/2

[Event "Østlandsserien 1993/1994, 3. div. D"]
[Site "Sarpsborg, Østfold NOR"]
[Date "1994.01.22"]
[Round "3"]
[White "Johansen, Anders Sten"]
[Black "Brøndbo, Ivar"]
[Result "1-0"]
[WhiteElo "1617"]
[BlackElo "1794"]
[PlyCount "42"]
[EventDate "1993.11.07"]
[WhiteTeam "Ås 1"]
[BlackTeam "Sarpsborg 2"]

1. e4 c5 2. Nc3 d6 3. g3 Nc6 4. Bg2 Nf6 5. d3 g6 6. f4 Bg7 7. Nf3 Rb8 8. O-O
O-O 9. Ne2 Qc7 10. c3 b5 11. Qc2 a5 12. d4 cxd4 13. cxd4 Qb6 14. Kh1 Ba6 15.
Be3 Nb4 16. Qb3 Nxe4 17. a3 Nc6 18. d5 Nc5 19. Bxc5 Qxc5 20. dxc6 Qxc6 21. Nfd4
Qc7 {Notasjonen er mangelfull her, men hvit vant ca. 10 trekk seinere med sin
materielle fordel} 1-0

[Event "Østlandsserien 1993/1994, 3. div. D"]
[Site "Sarpsborg, Østfold NOR"]
[Date "1994.01.22"]
[Round "3"]
[White "Eriksen, Lars Erik"]
[Black "Stensland, Martin"]
[Result "0-1"]
[WhiteElo "1512"]
[BlackElo "1268"]
[PlyCount "82"]
[EventDate "1993.11.07"]
[WhiteTeam "Sarpsborg 2"]
[BlackTeam "Ås 1"]

1. e4 e6 2. d4 d5 3. Nc3 c5 4. Be3 Nf6 5. e5 Nfd7 6. f4 cxd4 7. Bxd4 Nc6 8. Nf3
Bb4 9. a3 Nxd4 10. Nxd4 Bxc3+ 11. bxc3 a6 12. Bd3 Qh4+ 13. g3 Qe7 14. O-O O-O
15. Qe2 Nc5 16. Rf2 f5 17. Nb3 Ne4 18. Bxe4 dxe4 19. Nd2 Bd7 20. Qe3 Rac8 21.
Qd4 Rfd8 22. Nc4 Rc5 23. Nd6 Rd5 24. Qb6 Bc6 25. c4 R5xd6 26. exd6 Rxd6 27. Qb4
Qd7 28. Rff1 Rd2 29. Rf2 Rd1+ 30. Rf1 Rxa1 31. Rxa1 Qd4+ 32. Kg2 Qxa1 33. Qd6
e3+ 34. Kh3 Qf6 35. Qb8+ Kf7 36. Qc7+ Kg6 37. Qb6 Qc3 38. Qd8 e2 39. Qg5+ Kf7
40. Qh5+ g6 41. Qxh7+ Qg7 0-1

[Event "Østlandsserien 1993/1994, 3. div. D"]
[Site "Ski, Akershus NOR"]
[Date "1994.01.23"]
[Round "4"]
[White "Weberg, Øyvind"]
[Black "Rangøy, Helge"]
[Result "1-0"]
[WhiteElo "1639"]
[BlackElo "1644"]
[PlyCount "93"]
[EventDate "1993.11.07"]
[WhiteTeam "Ås 1"]
[BlackTeam "Ski 1"]

1. c4 e5 2. Nc3 Nf6 3. d3 d5 4. cxd5 Nxd5 5. Bd2 c6 6. g3 Be6 7. Nf3 Nd7 8. Bg2
Be7 9. O-O O-O 10. Ne4 h6 11. Rc1 f5 12. Nc3 Bf6 13. a3 N7b6 14. Qc2 Rc8 15.
Rfe1 Qe8 16. e4 Nxc3 17. Bxc3 Nd7 18. d4 fxe4 19. Nxe5 c5 20. Qxe4 Bxe5 21.
dxe5 Rc7 22. Rcd1 Qf7 23. f4 g6 24. Rd6 Re8 25. g4 Kh7 26. h3 Nb8 27. Rf1 Rf8
28. Rxe6 Qxe6 29. f5 gxf5 30. gxf5 Qg8 31. Rf4 Nc6 32. Rg4 Rg7 33. f6+ Rg6 34.
e6 Nd4 35. f7 Qg7 36. Rxg6 Qxg6 37. Qxg6+ Kxg6 38. e7 Kxf7 39. exf8=Q+ Kxf8 40.
Bxb7 Ne6 41. Kf2 Ke7 42. Kg3 Kd6 43. Kg4 c4 44. h4 Kc5 45. Kh5 Nd8 46. Be4 Nf7
47. Bg6 1-0

[Event "Østlandsserien 1993/1994, 3. div. D"]
[Site "Ski, Akershus NOR"]
[Date "1994.01.23"]
[Round "4"]
[White "Kielland-Lund, Jon"]
[Black "Johansen, Anders Sten"]
[Result "1-0"]
[WhiteElo "1589"]
[BlackElo "1617"]
[PlyCount "42"]
[EventDate "1993.11.07"]
[WhiteTeam "Ski 1"]
[BlackTeam "Ås 1"]

1. c4 e5 2. Nc3 Nc6 3. Nf3 d6 4. d4 exd4 5. Nxd4 Nxd4 6. Qxd4 Nf6 7. g3 Be6 8.
Bg2 Qc8 9. b3 Be7 10. Bb2 a6 11. Nd5 Bxd5 12. cxd5 O-O 13. Rc1 Qd7 14. O-O Rac8
15. Rc2 Rfe8 16. Rfc1 Bd8 17. e3 Qg4 18. Qa7 Qb4 19. Bh3 Ng4 20. Rc4 Qd2 21.
Bxg4 Qxb2 1-0

[Event "Østlandsserien 1993/1994, 3. div. D"]
[Site "Ski, Akershus NOR"]
[Date "1994.01.23"]
[Round "4"]
[White "Lea, Per"]
[Black "Simonsen, Steinar"]
[Result "1/2-1/2"]
[WhiteElo "1552"]
[BlackElo "1634"]
[PlyCount "117"]
[EventDate "1993.11.07"]
[WhiteTeam "Ås 1"]
[BlackTeam "Ski"]

1. e4 e6 2. d4 d5 3. Nc3 Nf6 4. Bg5 Be7 5. e5 Nfd7 6. h4 a6 7. Qd2 c5 8. Bxe7
Qxe7 9. f4 cxd4 10. Qxd4 Nc6 11. Qd2 b5 12. Nf3 Bb7 13. O-O-O Nc5 14. Nd4 b4
15. Nce2 Ne4 16. Nxc6 Bxc6 17. Qe3 O-O 18. Nd4 Rfc8 19. Nxc6 Rxc6 20. g4 Rac8
21. Rh2 a5 22. Bd3 Nc5 23. g5 a4 24. h5 b3 25. a3 bxc2 26. Bxc2 d4 27. Rxd4
Nb3+ 28. Kb1 Nxd4 29. Qxd4 Rc4 30. Qd3 g6 31. hxg6 fxg6 32. Qh3 Qf7 33. Rf2 Rf8
34. Qg4 Re8 35. Bd3 Rd4 36. Bc2 Qa7 37. Qg1 Rxf4 38. Rg2 Qxg1+ 39. Rxg1 Rb8 40.
Ka2 Rf2 41. Bxa4 Rbxb2+ 42. Ka1 Ra2+ 43. Kb1 Rxa3 44. Bd7 Ra6 45. Rc1 Rb6+ 46.
Ka1 Rf5 47. Rc8+ Kg7 48. Rc7 Rxg5 49. Bxe6+ Kh6 50. Bg8 Rxe5 51. Rxh7+ Kg5 52.
Rh2 Ra5+ 53. Ba2 Kf4 54. Rf2+ Kg3 55. Rg2+ Kf3 56. Rg3+ Kf4 57. Rg4+ Ke3 58.
Re4+ Kd3 59. Rd4+ 1/2-1/2

[Event "Østlandsserien 1993/1994, 4. div. A"]
[Site "Oslo NOR"]
[Date "1994.01.22"]
[Round "3"]
[White "Hellberg, Lars"]
[Black "Langfeldt, Nicolay"]
[Result "1-0"]
[WhiteElo "1264"]
[BlackElo "1064"]
[PlyCount "75"]
[EventDate "1993.11.07"]
[WhiteTeam "Ås 2"]
[BlackTeam "OSS 5"]

1. e4 c5 2. Nf3 Nc6 3. d4 cxd4 4. Nxd4 d6 5. Nc3 g6 6. Be3 Bg7 7. f3 Bd7 8. Qd2
a6 9. O-O-O Rc8 10. Kb1 Nf6 11. h4 h5 12. f4 Ng4 13. f5 Nxe3 14. Qxe3 Bxd4 15.
Rxd4 Nxd4 16. Qxd4 f6 17. fxg6 Rc5 18. Bc4 Kf8 19. Nd5 Kg7 20. Rf1 b5 21. Bd3
Rh6 22. Qf2 Be6 23. Nf4 Bg8 24. Qf3 Qb6 25. Nd5 Bxd5 26. exd5 Qb7 27. Be4 Qd7
28. Bf5 Qc7 29. g4 hxg4 30. Qxg4 Rc4 31. Qe2 Qd8 32. h5 Rd4 33. Re1 Rxd5 34.
Qe6 Qg8 35. Qxe7+ Kh8 36. Be6 Re5 37. Rxe5 Qa8 38. Qxf6# 1-0

[Event "Østlandsserien 1993/1994, 4. div. A"]
[Site "Oslo NOR"]
[Date "1994.01.23"]
[Round "4"]
[White "Olsen, Trygve"]
[Black "Duerud, Thomas"]
[Result "1-0"]
[WhiteElo "1181"]
[BlackElo "1103"]
[PlyCount "81"]
[EventDate "1993.11.07"]
[WhiteTeam "Ås 2"]
[BlackTeam "ASKO 4"]

1. f4 d5 2. d4 Nf6 3. Nf3 e6 4. Nbd2 Bd6 5. Ne5 Nbd7 6. e3 O-O 7. Bd3 c5 8. c3
cxd4 9. cxd4 Bb4 10. O-O Nxe5 11. fxe5 Nd7 12. Nf3 Be7 13. e4 dxe4 14. Bxe4 f5
15. Bc2 b6 16. Bb3 Nb8 17. d5 Bc5+ 18. Kh1 Bb7 19. Bg5 Qd7 20. dxe6 Qxd1 21.
Rfxd1 Bxf3 22. e7+ Kh8 23. exf8=Q+ Bxf8 24. Rd8 h6 25. Rxf8+ Kh7 26. gxf3 hxg5
27. Bd5 Nd7 28. Rxa8 Nxe5 29. Re1 Nd3 30. Re6 Nf4 31. Rd6 Nxd5 32. Rxd5 Kg6 33.
Rxa7 Kf6 34. Rb5 Ke6 35. Ra6 Kd6 36. Raxb6+ Kc7 37. Rg6 Kd7 38. Rb7+ Kc8 39.
Rgxg7 g4 40. Rbf7 gxf3 41. Rg8# 1-0

[Event "Østlandsserien 4A"]
[Site "Ås"]
[Date "1994.03.06"]
[Round "5.2"]
[White "Unnli, Matti"]
[Black "Brennvall, Jon Eirik"]
[Result "1-0"]
[WhiteElo "1496"]
[BlackElo "1626"]
[PlyCount "67"]
[EventDate "2021.01.01"]
[WhiteTeam "SK 1911 2"]
[BlackTeam "Ås 2"]

1. e4 e5 2. Nf3 Nc6 3. Bc4 Bc5 4. d3 d6 5. Nc3 Bg4 6. h3 Bh5 7. g4 Bg6 8. Qe2
Na5 9. Bb3 Nxb3 10. axb3 h5 11. g5 h4 12. Be3 Bb4 13. O-O-O Bh5 14. d4 exd4 15.
Bxd4 Bxf3 16. Qxf3 Qxg5+ 17. Kb1 Bxc3 18. Qxc3 Qe7 19. Bxg7 Rh5 20. Bd4 O-O-O
21. Qf3 Ra5 22. Rhg1 Qe6 23. Rg4 d5 24. Bc3 Ra6 25. exd5 Qd7 26. Rxh4 f5 27.
Rh8 c6 28. Rg1 Ne7 29. Rxd8+ Kxd8 30. Bf6 cxd5 31. Bxe7+ Qxe7 32. Qxd5+ Kc7 33.
Qxf5 Kb8 34. Rg8+ 1-0

[Event "Østlandsserien 4A"]
[Site "Grorud, Oslo"]
[Date "1994.03.19"]
[Round "6.1"]
[White "Furnes, Torstein"]
[Black "Stensrud, Ivar"]
[Result "1-0"]
[WhiteElo "1484"]
[BlackElo "1311"]
[PlyCount "89"]
[EventDate "2021.01.01"]
[WhiteTeam "Ås 2"]
[BlackTeam "Groruddalen"]

1. d4 Nf6 2. c4 e6 3. Nc3 c6 4. Nf3 d6 5. e4 Nbd7 6. Bd3 g6 7. O-O Bg7 8. Bg5
Qc7 9. Rc1 a6 10. b4 h6 11. Be3 Ng4 12. Bd2 O-O 13. h3 Ngf6 14. Ne2 b5 15. cxb5
axb5 16. Bxb5 Bb7 17. Qc2 Rfc8 18. Bd3 Ra3 19. Rb1 Rca8 20. Nc3 Qd8 21. Rb3 c5
22. Rxa3 Rxa3 23. Nb5 Rxd3 24. Qxd3 Ba6 25. bxc5 dxc5 26. dxc5 Nxe4 27. Qxe4
Bxb5 28. Rc1 Nf6 29. Qb7 Be2 30. Bc3 Nd5 31. Bxg7 Kxg7 32. Qb2+ f6 33. Qxe2 Qc8
34. c6 Kf7 35. Qb5 Nc7 36. Qd3 Nd5 37. Nd4 Qb8 38. Nb5 Qf4 39. Rc4 Qe5 40. Qd4
Qe1+ 41. Kh2 g5 42. c7 Nf4 43. c8=Q Ne2 44. Qcd7+ Kg6 45. Qe8+ 1-0

[Event "Østlandsserien 4A"]
[Site "Ås"]
[Date "1994.03.20"]
[Round "6.4"]
[White "Svindahl, Jan"]
[Black "Furnes, Torstein"]
[Result "0-1"]
[WhiteElo "1406"]
[BlackElo "1484"]
[PlyCount "94"]
[EventDate "2021.01.01"]
[WhiteTeam "Sjakkameratene 3"]
[BlackTeam "Ås 2"]

1. e4 c5 2. Nf3 Nc6 3. c4 d6 4. Nc3 Nf6 5. h3 e6 6. d4 cxd4 7. Nxd4 Be7 8. Be2
O-O 9. Be3 Bd7 10. O-O a6 11. a3 Rc8 12. f4 Na5 13. b3 e5 14. fxe5 dxe5 15. Nf3
Qc7 16. Nd5 Nxd5 17. exd5 b5 18. cxb5 Bxb5 19. Bxb5 axb5 20. b4 Nc4 21. Bf2 e4
22. Nd4 e3 23. Be1 Qb6 24. Ra2 Bf6 25. Ne2 Rcd8 26. Rf5 g6 27. Rf3 Nd2 28. Bxd2
Rxd5 29. Kh1 Rfd8 30. Qf1 exd2 31. Qd1 Qe6 32. Nf4 Qe1+ 33. Rf1 Qxf1+ 34. Qxf1
d1=Q 35. Rf2 Qxf1+ 36. Rxf1 Rd1 37. Rg1 Rxg1+ 38. Kxg1 Rd4 39. Ne2 Rd3 40. Nf4
Rxa3 41. Nd5 Bd4+ 42. Kh2 Rb3 43. Ne7+ Kf8 44. Nc6 Bc3 45. h4 Bxb4 46. g4 Bd6+
47. Kg2 Rc3 0-1

[Event "Østlandsserien 3D"]
[Site "Kulturhuset D6, Ås"]
[Date "1994.11.13"]
[Round "1.3"]
[White "Lea, Per"]
[Black "Johansen, Anders Sten"]
[Result "1/2-1/2"]
[WhiteElo "1580"]
[BlackElo "1610"]
[PlyCount "26"]
[EventDate "1994.11.13"]
[WhiteTeam "Ås 2"]
[BlackTeam "Ås 1"]

1. e4 c5 2. Nf3 d6 3. d4 cxd4 4. Nxd4 Nf6 5. Nc3 Nc6 6. Bg5 Bd7 7. Qd2 Rc8 8.
f4 Qa5 9. Nb3 Qb6 10. O-O-O Nb4 11. Bxf6 gxf6 12. Qd4 Qxd4 13. Rxd4 Nc6 1/2-1/2

[Event "Østlandsserien 4E"]
[Site "Festsalen, Åsgård, Ås"]
[Date "1994.11.13"]
[Round "1.2"]
[White "Sterk, Michel"]
[Black "Gulliksen, Simon"]
[Result "0-1"]
[WhiteElo "1013"]
[BlackElo "1401"]
[PlyCount "44"]
[EventDate "1994.11.13"]
[WhiteTeam "Stjernen 4"]
[BlackTeam "Ås 3"]

1. d4 d5 2. c4 c6 3. Nc3 Nf6 4. Nf3 e6 5. Bg5 Be7 6. e3 Nbd7 7. cxd5 cxd5 8.
Rc1 Qb6 9. Nb5 O-O 10. b3 Qa5+ 11. Nc3 Bb4 12. Bd3 Bxc3+ 13. Ke2 Qxa2+ 14. Kf1
Ne4 15. Bxe4 dxe4 16. Rxc3 exf3 17. gxf3 Qa5 18. Qd2 Qxg5 19. Rg1 Qh6 20. Ke2
b6 21. Rg3 Ba6+ 22. Ke1 Qxh2 0-1